| 000 | 00940nam a2200265 4500 | ||
|---|---|---|---|
| 003 | OSt | ||
| 005 | 20260601193845.0 | ||
| 008 | 260507b2010 us ||||| |||| 00| 0 eng d | ||
| 020 | _a 1592536174 | ||
| 040 |
_aICI _bSPA _cICI |
||
| 041 | _aENG | ||
| 050 |
_aNC1001 _bS76 |
||
| 100 | 1 |
_aStone, Terry Lee, _eautor _931260 |
|
| 245 | 1 |
_aManaging the design process--concept development : _b an essential manual for the working designer / _cTerry Lee Stone |
|
| 246 | 3 | _aEssential manual for the working designer | |
| 264 |
_aBeverly, Massachusetts : _bRockport Publishers, _c2010 |
||
| 300 |
_a208 páginas : _b ilustraciones (principalmente a color) |
||
| 336 |
_atexto _2rdacontent |
||
| 337 |
_asin medio _2rdamedia |
||
| 338 |
_avolumen _2rdacarrier |
||
| 650 |
_aArte comercial _xAdministración _931261 |
||
| 650 |
_aServicios de diseño _xAdministración |
||
| 650 | _aCreación (Literaria, artística, etc.) | ||
| 942 |
_2lcc _cB _n1 |
||
| 999 |
_c21592 _d21592 |
||